Ochrana menšinových akcionárov v práve obchodných spoločností
Saved in:
| Main Author: | |
|---|---|
| Format: | Book |
| Language: | Slovak |
| Published: |
Bratislava
IURA EDITION
2000
|
| Subjects: | |
| Tags: |
No Tags, Be the first to tag this record!
|
MARC
| LEADER | 00000nam a2200000 4500 | ||
|---|---|---|---|
| 001 | c120506 | ||
| 005 | 20221108093309.1 | ||
| 020 | |a 80-88715-84-9 | ||
| 041 | 0 | |a slo | |
| 044 | |a SK | ||
| 245 | 1 | 0 | |a Ochrana menšinových akcionárov v práve obchodných spoločností |c Lucia Žitňanská |
| 264 | 1 | |a Bratislava |b IURA EDITION |c 2000 | |
| 300 | |a 218 s. | ||
| 610 | 2 | 0 | |a akcie |
| 610 | 2 | 0 | |a akcionári |
| 610 | 2 | 0 | |a právo obchodné |
| 610 | 2 | 0 | |a spoločnosti obchodné |
| 610 | 2 | 0 | |a spoločnosti akciové |
| 610 | 2 | 0 | |a úpravy právne |
| 610 | 2 | 0 | |a ochrana právna |
| 100 | 1 | |a Žitňanská, Lucia | |